Word Ladder: New York to LA Quiz Stats

 Plays Quiz Updated Oct 12, 2016

Challenge
Share
Tweet
Embed
Score 0/13 Timer 02:00
5 Plays Today
Clue Word % Correct
Northerner, to a Confederate citizenYANKEE
87.1%
One who runs for fitnessJOGGER
84.5%
Maroon 5 - 'Moves Like _____'JAGGER
82.8%
Gave a hard pullYANKED
80.3%
Cedar harvesterLOGGER
72.4%
Deposited and/or withdrewBANKED
72%
Room and board recipientLODGER
66.2%
Texas lawmanRANGER
65.6%
Sign warning of hazardsDANGER
63.3%
Dickens' Artful pickpocketDODGER
60.7%
†, in typographyDAGGER
56.7%
Made noisy soundsBANGED
53.4%
Went far afieldRANGED
53.2%

Today's Daily Dose

You're not logged in!

Compare scores with friends on all Sporcle quizzes.
OR
Log In

You Might Also Like...

Show Comments

Extras

Top Quizzes Today


Score Distribution

Your Account Isn't Verified!

In order to create a playlist on Sporcle, you need to verify the email address you used during registration. Go to your Sporcle Settings to finish the process.

Report this User

Report this user for behavior that violates our Community Guidelines.

Details: